00638nam a2200157Ia 4500008004100000082001400041100002800055245007000083260004500153365000600198630007000204730007000274942000900344999001900353952010800372100415s9999 xx 000 0 und d b2220a572 aOsborn Henry Fairfield aMan Rises to Parnassus : Critical Epochs in the Prehistory of Man aLONDONc1928bPRINCETON UNIVERSITY PRESS b0 aMan Rises to Parnassus : Critical Epochs in the Prehistory of Man aMan Rises to Parnassus : Critical Epochs in the Prehistory of Man cBOOK c585237d585234 00104070aBNHSbBNHSd1997-09-08g0.00l0o572 2220pBNHS-2220r2010-04-15 00:00:00w2010-04-15yBOOK